000 01051 a2200205 4500
999 _c6649
_d6649
020 _a9789251078631
050 0 0 _aQP144 MIL 2013
245 0 0 _aMilk and dairy products in human nutrition /
_ctechnical editors, Ellen Muehlhoff, Senior Officer, Nutrition Division, Anthony Bennett, Livestock Industry Officer, Rural infrastructure and agro-industries Division, Deirdre McMahon, Consultant, Nutrition Division.
264 1 _aRome :
_bFood and Agriculture Organization of the United Nations,
_c2013.
300 _axxvi, 376 pages :
_billustrations ;
504 _aIncludes bibliographic references.
650 0 _aMilk in human nutrition.
650 0 _aDairy products in human nutrition.
650 0 _aMilk
_xAnalysis.
700 1 _aMuehlhoff, Ellen,
_eeditor of compilation.
700 1 _aBennett, Anthony
_c(Dairy scientist),
_eeditor of compilation.
700 1 _aMacMahon, Deirdre
_c(Nutrition consultant),
_eeditor of compilation.
710 2 _aFood and Agriculture Organization of the United Nations,
_eissuing body.
942 _2lcc
_cBK
_h144
_iMIL
_kQP